000 00302 a2200145 4500
001 65727
020 _a9788516094850
040 _cAnchieta - Pituba
240 1 0 _aMatemática 9º ano
_lpor
245 1 0 _aMatemática 9º ano
300 _a311
362 0 _a2014
650 4 _aMatemática
942 _cBK
999 _c65727
_d65727